Quizzes
Events
Quiz Creation
Community
Videos
Private Events
Remove Ads
Sign In
Join for FREE
Feedback
Dark Mode
Quiz Categories
Sports
Geography
Music
Movies
Television
Just For Fun
Miscellaneous
History
Literature
Language
Science
Gaming
Entertainment
Religion
Holiday
For Kids
Quiz Lab
Recent
Popular Today
Quiz Kudos Today
Editor Picks
Curator Picks
Quizzes by...
Day
Popularity
Type
Ratings
Length
Year
Community
Subscriptions
Recent Discussions
Orange Saloon
Badges
Playlists
Quests
Create
Leaderboards
Showdown
Live 5
Trivia Bingo
Activity
Puzzle Library
Sporcle Events
Private Events
Virtual Trivia
Globe League
Become a Host
Pub Owners
SporcleCon
Opinionation
Our Games
Videos
Blog
Mobile Apps
Partnerships
Remove Ads and Go Orange
Feedback
Sports
Athletes
MLB
NBA
NHL
NFL
Soccer
Sports Teams
WWE
NCAA
Football
Premier League
Basketball
Baseball
Hockey
Golf
Tennis
Cricket
Rugby
Auto Racing
Olympics
World Cup
Sports
Athletes
MLB
NBA
NHL
NFL
Soccer
Sports Teams
WWE
NCAA
Football
Premier League
Basketball
Baseball
Hockey
Golf
Tennis
Cricket
Rugby
Auto Racing
Olympics
World Cup
Random Quiz
Search Sporcle
×
Quiz Lab
Quiz Lab
Sports
MLB
Type in answers that appear in a list
Type in answers that appear in a list
Classic
Best Score? Go Orange.
MLB Pre-Jeter Stats
Can you name the players to start at shortstop on May 28th, 1995, the day before Derek Jeter's major league debut.?
By
ShabamShabam
7m
28 Questions
251 Plays
251 Plays
251 Plays
Comments
Comments
Give Quiz Kudos
Give Quiz Kudos
-
- Ratings
hide this ad
Replay
Link that replays current quiz
Next Quiz
Link to next quiz in quiz playlist
You Got
0%
They Got
Avg Score
26%
Avg Friend Score
Upgrade to see
Score Distribution
Jump to the score distribution portion of the page
Score
0/28
Timer
07:00
0
Plays Today
Team
Shortstop
% Correct
Orioles
Cal Ripken Jr
97.6%
Reds
Barry Larkin
70.9%
Indians
Omar Vizquel
70.1%
Tigers
Alan Trammell
46.6%
Braves
Jeff Blauser
44.2%
Rockies
Walt Weiss
44.2%
Red Sox
John Valentin
37.8%
Brewers
Jose Valentin
37.5%
Pirates
Jay Bell
35.9%
Cubs
Shawon Dunston
34.7%
Mets
Jose Vizcaino
30.7%
Royals
Greg Gagne
29.5%
Giants
Royce Clayton
24.7%
Angels
Gary Disarcina
23.1%
Team
Shortstop
% Correct
Athletics
Mike Bordick
21.1%
Dodgers
Jose Offerman
19.1%
Mariners
Felix Fermin
18.3%
Phillies
Kevin Stocker
16.7%
Blue Jays
Domingo Cedeno
8.8%
Padres
Andujar Cedeno
8.8%
Twins
Pat Meares
7.6%
Rangers
Benji Gil
6.8%
White Sox
Craig Grebeck
5.2%
Astros
Andy Stankiewicz
4.4%
Marlins
Alex Arias
4%
Cardinals
Tripp Cromer
2%
Expos
Sean Berry
1.6%
Yankees
Robert Eenhoorn
1.2%
Quiz Playlist
Details
Report
Send in Message
Add To Playlist
Classic:
Type in answers that appear in a list
Quiz Source
Last Updated: Feb 16, 2017
Quiz Scoreboard
CHALLENGE
Sign Up to Join the Scoreboard
Show All
Scores
Hide
Comments
May contain spoilers
Recently Published
NBA Finals Game Top Scorers (2010s)
by flibbidy
Sports
5m
Guess the 'R' Things in 3 Words
by MSUKent
Miscellaneous
3m
Actor to Badly Drawn Movie III
by MoMosMoProblems
Movies
5m
More to Explore
Quiz From the Vault
Featured Blog Post
Where Does Lost Luggage Go?
hide this ad
You Might Also Like...
Tags
Baseball Quiz
MLB Quiz
1995
before
Derek Jeter
shortstop
Today's Top Quizzes in Sports
Browse Sports
hide this ad
Today's Top Quizzes in MLB
Browse MLB
Top Contributed Quizzes in Sports
1
Les joueurs à 100 buts en Ligue 1 Uber Eats
2
2022 World Cup Stars
3
2024 March Madness Bracket
4
Millionaire: NBA Finals Edition
5
Players with Multiple 50 Home Run Seasons
6
Nickname Match: Athletes VI
7
Criteria MLB: Left Handed Sluggers
8
Iconic Moments in Football - Multiple Choice
9
NFL MVPs ordered
10
First NBA MVP by Team
Explore More
Trending Topics
Kpop
NBA
Disney
Harry Potter
Marvel
Crossword
Anime
Song
The Office
WWE
Pokémon
NFL
Soccer
Puzzle
Country
hide this ad
More By:
ShabamShabam
Quiz
Plays
Rating
Category
Featured
Created
Cartoons Grab Bag
139,286
4.40
Television
Dec 27, 2010
Sports Leagues By Initials
90,079
4.48
Sports
Oct 10, 2010
Big 4 Consecutive Championship Losers
88,277
4.50
Sports
Sep 25, 2010
MLB Single Season Hits Leaders
45,843
4.68
Sports
Jun 18, 2011
Advertising Slogans in Other Words
23,364
3.92
Entertainment
Feb 27, 2011
Go to Creator's Profile
Score Distribution
Quiz Creator Spotlight
ShabamShabam
Follow
Send a Message
Quizzes Created
-
Created Quiz Play Count
-
More By This Creator
Popular Quizzes Today
1
Find the US States - No Outlines Minefield
2
Find the US States
3
The Countries of the World
4
10 Largest US States in Order
5
Find the Countries of Europe - No Outlines Minefield
6
US States
7
Guess the 'R' Things in 3 Words
8
NBA Finals Game Top Scorers (2010s)
More Sports Quizzes
Draw the Bucks Logo
Quiz Lab
Trending Quizzes
First Name TV: Leading Men
Match the Book to the Film II
3-Word Movies in 1 Word II
First Name TV: Leading Women Drama
Match the Book to the Film VI
Recently Updated
Women's Final Four Teams by Year
bhenderson79
Presidents Quartet II
eogle
Anything But Clue(do)
eogle
Anything But Oceanian Capitals
eogle
Anything But 7
eogle
Anything But Thing
eogle
Word Ladder: February 29
pecheneg
Song Title Questions
pecheneg
Women's NCAA Tournament #1 Seeds
pecheneg
Celebrity Mug Shots
pecheneg
Trending Topics
NBA
Crossword
Anime
Harry Potter
Disney
Marvel
Kpop
Puzzle
Pokémon
The Office
NFL
Song
WWE
Country
Soccer
Your Account Isn't Verified!
In order to create a playlist on Sporcle, you need to verify the email address you used during registration. Go to your
Sporcle Settings
to finish the process.
Report this User
Report this user for behavior that violates our
Community Guidelines
.
Details:
Send Report
Go to the Sporcle.com Mobile Site →
Comments